Analýza základných vlastností ľahkého kompozitu na báze priemyselného odpadu : Dizertačná práca /

Salvato in:
Dettagli Bibliografici
Autore principale: Horáková, Monika (Autore)
Natura: Manoscritto Libro
Lingua:slovacco
Pubblicazione: Bratislava : STU v Bratislave SvF, 1994
Tags: Aggiungi Tag
Nessun Tag, puoi essere il primo ad aggiungerne!!

MARC

LEADER 00000ntm a22000003a 4500
001 stu28349
005 20160721135335.8
008 950307s1994----xo------------------slo-d
040 |a STU  |b slo 
041 0 |a slo 
044 |a xo 
080 |a 691.3 
100 1 |a Horáková, Monika  |4 aut 
245 1 |a Analýza základných vlastností ľahkého kompozitu na báze priemyselného odpadu :  |b Dizertačná práca /  |c [aut]Horáková,Monika 
260 |a Bratislava :  |b STU v Bratislave SvF,  |c 1994 
300 |a 119 s  |c 2 príl 
996 |b 284V037479  |c V*2065/DP-664  |l VVS  |s P  |a 0  |w stu28349_0001